| 000 | 01443nam a2200337 a 4500 | ||
|---|---|---|---|
| 001 | 000001980 | ||
| 003 | DO-SdBNP | ||
| 005 | 20250408190001.0 | ||
| 008 | 090630s2007 dr b 000 0 spa d | ||
| 020 | _a9945427121 | ||
| 040 |
_aDO-SdBNP _bspa _cBNPHU |
||
| 082 | 4 |
_aCo864.44 _bG216zP _222 |
|
| 100 | 1 |
_aPerdomo, Miguel Aníbal, _d1949- _96428 |
|
| 245 | 1 | 3 |
_aLa cultura del Caribe en la narrativa de Gabriel García Márquez / _cMiquel Aníbal Perdomo ; editor Amado Alexis Santana Chalas. |
| 260 |
_aSanto Domingo : _bSecretaría de Estado de Cultura, _c2007. |
||
| 300 |
_a299 p. ; _c23 cm. |
||
| 490 | 1 | _aPremios anuales | |
| 500 | _aPresentado originalmente como tesis para obtención de grado de doctorado en Filosofía y Letras en la City University of New York | ||
| 504 | _aBibliografía: p. 267-294 | ||
| 586 | _aPremio Nacional de Ensayo Pedro Henríquez Ureña, modalidad Ensayos Literarios, 2006 | ||
| 590 | _aInventariado, BT | ||
| 600 | 1 | 4 |
_aGarcía Márquez, Gabriel, _d1928- _xCrítica e interpretación _96429 |
| 650 | 4 |
_aLiteratura latinoamericana _xHistoria y crítica _95706 |
|
| 650 | 4 |
_aLiteratura caribeña _941273 |
|
| 651 | 4 |
_aCaribe en la literatura _987394 |
|
| 700 | 1 | 2 |
_aSantana Chalas, Amado Alexis, _eed. _9854 |
| 710 | 1 |
_aRepública Dominicana. _bSecretaría de Estado de Cultura. _96453 |
|
| 830 | 0 |
_aPremios anuales _96431 |
|
| 910 | _aValidado. Control de calidaed MFF | ||
| 942 |
_2ddc _cLBS1 |
||
| 999 |
_c1846 _d1846 |
||